Vista normal
Vista MARC
Entrada Topical Term
Número de registros utilizados en: 15
001 - CONTROL NUMBER
- control field: 2814
003 - CONTROL NUMBER IDENTIFIER
- control field: OSt
005 - DATE AND TIME OF LATEST TRANSACTION
- control field: 20200408124142.0
008 - FIXED-LENGTH DATA ELEMENTS
- fixed length control field: 200408|| aca||aabn | a|a d
040 ## - CATALOGING SOURCE
- Original cataloging agency: OSt
- Transcribing agency: OSt
150 ## - HEADING--TOPICAL TERM
- Topical term or geographic name entry element: Evaluación de proyectos
670 ## - SOURCE DATA FOUND
- Source citation: Work cat.: (OSt)4943: Domínguez Giraldo, Gerardo, autor 2812, Formulación y evaluación de proyectos sociales /, 2010